Skip to content
VuFind
All Fields
Title
Author
Subject
Call Number
ISBN/ISSN
Tag
Find
Advanced
Bedtime tales
Cite this
Print
Export Record
Export to RefWorks
Export to EndNoteWeb
Export to EndNote
Export to MARC
Bedtime tales
Bibliographic Details
Format:
Book
Holdings
Description
Similar Items
Staff View
MARC
LEADER
00000cam a2200000 7i4500
001
0000008221
002
000008964
005
20000330.0
020
|a
0862881544
090
0
0
|a
JF
|b
BOO
245
1
0
|a
Bedtime tales
999
|a
022965
|b
BUKU
|c
PINJAMAN
|e
PERPUSTAKAAN KOMUNITI PETALING JAYA
Similar Items
Bedtime tales
by: McAllister, Hayden
Published: (1984)
Bedtime tales
by: Blyton, Enid
Published: (1999)
Bedtime tales : 15 enchanting bedtime stories and rhymes!
Published: (2009)
Tales for BEDTIME
Bunny tales for bedtime
Published: (1996)